Представление документа в формате RUSMARC

ПолеНазваниеЗначение
  Тип записи a
  Библиографический уровень a
001 Контрольный номер RU/CBS_UL/BASE/53af97b2efcd4b0080e774d58db65a7e
005 Дата корректировки 20230214152814.0
100 Данные общей обработки __
a Данные общей обработки 20230214 ||| 0rusy0189 ca
101 Язык документа 0_
a Язык текста rus
102 Страна публикации __
a Страна публикации RU
200 Заглавие и сведения об ответственности 1_
a Заглавие Георгина на конвейере
e Сведения, относящиеся к заглавию [о выращивании георгинов на приусадебном участке]
f Первые сведения об ответственности А. Данилевская
300 Общие примечания __
a Общие примечания 12+
461 Уровень набора _0
1 2000
a Приусадебное хозяйство
463 Уровень физической единицы _0
1 2000
a № 2
v С. 68-70
1 2101
d 2023
1 001RU/CBS_UL/BASE/89730c28f21048e2a942d059d2cdd6f3
606 Тематические рубрики 0_
a Основная рубрика Цветоводство
610 Ключевые слова 0_
a Ключевые слова цветоводство
610 Ключевые слова 0_
a Ключевые слова приусадебное цветоводство
610 Ключевые слова 0_
a Ключевые слова выращивание цветов
610 Ключевые слова 0_
a Ключевые слова цветы
610 Ключевые слова 0_
a Ключевые слова георгины
610 Ключевые слова 0_
a Ключевые слова выращивание георгинов
686 Индексы других классификаций __
a Классификационный индекс 42.374
700 Автор _1
a Фамилия Данилевская
b Имя (инициалы) А.
801 Источник записи _0
a Страна RU
b Организация МБУК ЦБС г. Ульяновска
c Дата составления 20230214
g Правила каталогизации RCR
801 Источник записи _1
a Страна RU
b Организация МБУК ЦБС г. Ульяновска
c Дата составления 20230214
g Правила каталогизации RCR
901 Тип документа __
t Тип документа b
w Контрольный № источника RU/CBS_UL/BASE/89730c28f21048e2a942d059d2cdd6f3